Programming with JAVA: (Record no. 4962)
[ view plain ]
| 000 -LEADER | |
|---|---|
| fixed length control field | 00585nam a22002177a 4500 |
| 003 - CONTROL NUMBER IDENTIFIER | |
| control field | OSt |
| 005 - DATE AND TIME OF LATEST TRANSACTION | |
| control field | 20220107122808.0 |
| 008 - FIXED-LENGTH DATA ELEMENTS--GENERAL INFORMATION | |
| fixed length control field | 160304b xxu||||| |||| 00| 0 eng d |
| 020 ## - INTERNATIONAL STANDARD BOOK NUMBER | |
| International Standard Book Number | 9789351343202 |
| 040 ## - CATALOGING SOURCE | |
| Transcribing agency | IIITMK |
| 050 ## - LIBRARY OF CONGRESS CALL NUMBER | |
| Classification number | 005.133J BAL/P |
| 100 ## - MAIN ENTRY--PERSONAL NAME | |
| Personal name | Balagurusamy, E. |
| 9 (RLIN) | 8409 |
| 245 ## - TITLE STATEMENT | |
| Title | Programming with JAVA: |
| Remainder of title | A primer |
| Statement of responsibility, etc. | E Balagurusamy |
| 250 ## - EDITION STATEMENT | |
| Edition statement | 5 |
| 260 ## - PUBLICATION, DISTRIBUTION, ETC. | |
| Place of publication, distribution, etc. | New Delhi, |
| Name of publisher, distributor, etc. | McGraw-Hill Education, |
| Date of publication, distribution, etc. | 2015. |
| 300 ## - PHYSICAL DESCRIPTION | |
| Extent | xv, 460p. |
| 650 ## - SUBJECT ADDED ENTRY--TOPICAL TERM | |
| Topical term or geographic name entry element | PROGRAMMING LANGUAGE |
| 9 (RLIN) | 8410 |
| 650 ## - SUBJECT ADDED ENTRY--TOPICAL TERM | |
| Topical term or geographic name entry element | OBJECT ORIENTED PROGRAMMING |
| 9 (RLIN) | 8411 |
| 650 ## - SUBJECT ADDED ENTRY--TOPICAL TERM | |
| Topical term or geographic name entry element | JAVA |
| 9 (RLIN) | 8412 |
| 942 ## - ADDED ENTRY ELEMENTS (KOHA) | |
| Source of classification or shelving scheme | Dewey Decimal Classification |
| Koha item type | Books |
| Withdrawn status | Lost status | Source of classification or shelving scheme | Damaged status | Not for loan | Collection code | Home library | Current library | Shelving location | Date acquired | Cost, normal purchase price | Total Checkouts | Total Renewals | Full call number | Barcode | Date last seen | Date last checked out | Price effective from | Koha item type |
|---|---|---|---|---|---|---|---|---|---|---|---|---|---|---|---|---|---|---|
| Dewey Decimal Classification | Programming in JAVA | Kerala University of Digital Sciences, Innovation and Technology Knowledge Centre | Kerala University of Digital Sciences, Innovation and Technology Knowledge Centre | Computer Science | 04/03/2016 | 330.00 | 20 | 005.133J BAL/P | 4331 | 13/04/2022 | 14/03/2022 | 04/03/2016 | Books | |||||
| Dewey Decimal Classification | Programming in JAVA | Kerala University of Digital Sciences, Innovation and Technology Knowledge Centre | Kerala University of Digital Sciences, Innovation and Technology Knowledge Centre | Computer Science | 20/05/2016 | 338.00 | 24 | 2 | 005.133J BAL/P;1 | 4415 | 23/12/2020 | 23/12/2020 | 20/05/2016 | Books | ||||
| Dewey Decimal Classification | Programming in JAVA | Kerala University of Digital Sciences, Innovation and Technology Knowledge Centre | Kerala University of Digital Sciences, Innovation and Technology Knowledge Centre | Computer Science | 20/05/2016 | 338.00 | 23 | 2 | 005.133J BAL/P;2 | 4416 | 30/01/2025 | 04/09/2024 | 20/05/2016 | Books |